000 00870nam a22002537a 4500
005 20110810113757.0
008 110810t xxu||||| |||| 00| 0 eng d
010 _aENG-103453
020 _a9788183686433
_c100.00
035 _aEN-86986
037 _bDBAD/PUB
040 _aDPL
_bEng
082 _a921
100 _931629
_aVidya
245 _aI am Vidya /
_cby Living Smile Vidya ; translated into English by V. Ramnarayan
260 _aChennai
_bNew Horizon Media
_c2007
270 _a33/15, Eldams Road
_bChennai
_e600018
_k91 44 42009601
_l91 44 43009701
_msupport@nhm.in
300 _a143p.
_c22cm (pbk)
650 _931639
700 _931640
_aRamnarayan, V.
700 _932879
942 _2ddc
_cEN
_mVID
_h921
999 _c55457
_d55457